[Event "Challenge"]
[Site "http://www.queenalice.com/game.php?id=311365"]
[Date "2007.11.28"]
[Round "-"]
[White "mogerio"]
[Black "kinder"]
[Result "1-0"]
[WhiteElo "1121"]
[BlackElo "1234"]

1. e4 c5 2. d4 d5 3. exd5 cxd4 4. Qxd4 Qa5+ 5. Bd2 Qa6 6. Bxa6 bxa6 7. Qa4+ Nd7
8. Nf3 e5 9. O-O Nf6 10. Nc3 g6 11. Qc6 Nxd5 12. Qxa8 N7b6 13. Qc6+ Kd8 14. Bg5+
Ne7 15. Qd6+ Ke8 16. Rad1 Nf5 17. Qd8# 1-0

[Event "Challenge"]
[Site "http://www.queenalice.com/game.php?id=315721"]
[Date "2007.12.6"]
[Round "-"]
[White "kinder"]
[Black "Ginga"]
[Result "1/2-1/2"]
[WhiteElo "1182"]
[BlackElo "1301"]

1. e4 d6 2. d4 Nc6 3. c3 Na5 4. Nf3 h5 5. Nh4 Nf6 6. g4 hxg4 7. h3 Nxe4 8. hxg4
g5 9. Nf5 Rxh1 10. Bxg5 Nxg5 11. Na3 c6 12. d5 Nh3 13. Qf3 Rh2 14. dxc6 Nxf2 15.
cxb7 e6 16. bxc8=Q Rxc8 17. Qg2 Rxg2 18. Bxg2 exf5 19. Kxf2 Qh4+ 20. Ke2 Qxg4+
21. Bf3 Bh6 22. Bxg4 fxg4 23. Kf2 Rc5 24. Re1+ Kf8 25. b4 Nc4 26. bxc5 Bd2 27.
Nxc4 Bxc3 28. Re4 Bd2 29. c6 f5 30. Rf4 d5 31. Nxd2 Ke8 32. c7 a5 33. c8=Q+ Ke7
34. Qc7+ Ke8 35. Rxf5 d4 36. Re5+ Kf8 37. Qc8+ Kf7 38. Rf5+ Ke7 39. Qc5+ 1/2-1/2

[Event "Challenge"]
[Site "http://www.queenalice.com/game.php?id=325910"]
[Date "2007.12.26"]
[Round "-"]
[White "Clarck"]
[Black "kinder"]
[Result "1/2-1/2"]
[WhiteElo "1313"]
[BlackElo "1172"]

1. e4 e5 2. d3 c5 3. a4 Nc6 4. h4 Nf6 5. Nf3 d6 6. c3 g6 7. Ng5 h6 8. Nf3 Ng4 9.
Nbd2 h5 10. Nc4 Rb8 11. Ng5 b6 12. f3 Nh6 13. b4 d5 14. exd5 Ne7 15. Nxe5 Nxd5
16. Qe2 Nxc3 17. Qe3 Nf5 18. Nexf7+ Nxe3 19. Nxd8 Kxd8 20. Nf7+ Kc7 21. Nxh8
Nc2+ 22. Kd2 Nxa1 23. Kxc3 Bg7+ 24. Kc4 Be6+ 25. Kb5 Bf8 26. Nxg6 Bd6 27. Rh3
Nb3 28. Nf4 Bd7+ 29. Kc4 Nxc1 30. b5 Na2 31. Rg3 Bxf4 32. Rg6 Ra8 33. Kd5 Nb4+
34. Ke4 Rf8 35. d4 cxd4 36. Kxd4 Nc2+ 37. Kc3 Bf5 38. Rg7+ Kd6 39. Rxa7 Rc8+ 40.
Kb3 Nd4+ 41. Kb4 Bd2+ 42. Ka3 Rc1 43. g4 Be6 44. a5 Ra1+ 45. Kb2 Ra2+ 46. Kb1
Bb3 47. axb6 Ne2 48. Bxe2 Bc3 49. b7 Ra1+ 50. Rxa1 Kc7 51. Ra7 Kb8 52. gxh5 Kxa7
53. h6 Bf7 54. Kc2 Be1 55. h7 Bg6+ 56. Bd3 Bxh7 57. Bxh7 Kxb7 58. f4 Bxh4 59. f5
Kb6 60. Kd3 Kxb5 61. Ke4 Kc5 62. Kf4 Be7 63. Bg8 Bd6+ 64. Ke4 Be7 65. Ke5 Kb6
66. Ke6 Bc5 67. f6 Kc7 68. Kd5 Kb6 69. Kc4 Kc6 70. f7 Kb6 71. Kd5 Kb5 72. Bh7
Kb6 73. Ke6 Kc7 74. Kf6 Kd8 75. Bg8 Kc7 76. Ke5 Bb4 77. Ke6 Kd8 78. Kd5 Ba3 79.
Kc6 Kc8 80. Kd5 Kc7 81. Ke6 Kd8 82. Kf6 Bf8 83. Ke6 Kc7 84. Kf6 Kd8 85. Ke6 Kc7
1/2-1/2

[Event "Challenge"]
[Site "http://www.queenalice.com/game.php?id=334023"]
[Date "2008.1.10"]
[Round "-"]
[White "Ginga"]
[Black "kinder"]
[Result "0-1"]
[WhiteElo "1152"]
[BlackElo "1193"]

1. c4 e5 2. Qa4 c6 3. c5 Nf6 4. e3 Na6 5. Qh4 Nxc5 6. b4 Na4 7. Bc4 Bxb4 8. Kd1
d5 9. Bd3 Nc5 10. Bb2 Nxd3 11. Qxb4 Nxb4 12. Nf3 Nd3 13. Ke2 Nxb2 14. Nxe5 b6
15. f4 Ne4 16. Nxc6 Qd7 17. Nd4 Ba6+ 18. Kf3 g5 19. Nc2 Rg8 20. Nd4 g4# 0-1

[Event "Challenge"]
[Site "http://www.queenalice.com/game.php?id=338114"]
[Date "2008.1.17"]
[Round "-"]
[White "Ginga"]
[Black "kinder"]
[Result "0-1"]
[WhiteElo "1125"]
[BlackElo "1221"]

1. a4 Nc6 2. c4 Nf6 3. Ra3 Na5 4. Rc3 d5 5. Nf3 dxc4 6. Rd3 cxd3 7. exd3 e6 8.
Nd4 Qxd4 9. Be2 Bd6 10. Nc3 O-O 11. Bf3 Bf4 12. Nb5 Qb4 13. Nc3 e5 14. h4 Re8
15. O-O Ng4 16. Re1 Qc5 17. Rxe5 Bxe5 18. Bxg4 Bf4 19. Kf1 Bh2 20. Ne4 Qd4 21.
b3 Qxd3+ 22. Qe2 Qxe2+ 23. Bxe2 Rxe4 24. Bd3 Bf5 25. Bc2 Rae8 26. b4 Re1# 0-1

[Event "Challenge"]
[Site "http://www.queenalice.com/game.php?id=339867"]
[Date "2008.1.21"]
[Round "-"]
[White "kinder"]
[Black "Ginga"]
[Result "0-1"]
[WhiteElo "1225"]
[BlackElo "1094"]

1. Nc3 Nf6 2. Nf3 Nc6 3. e3 h5 4. b3 a5 5. g3 Ra6 6. Ba3 Rb6 7. Nh4 Rh6 8. Bd3
e5 9. Bc4 Bd6 10. O-O Bxa3 11. Nf5 Rh7 12. Nd5 Ne4 13. Nxb6 cxb6 14. Nd6+ Kf8
15. Nf5 d5 16. Bb5 Bxf5 17. f3 Bb4 18. a3 Bc5 19. fxe4 Bxe4 20. c4 Bd3 21. Rf5
Bxf5 22. Rc1 dxc4 23. bxc4 Bd3 24. Qf1 Bxf1 25. Kxf1 Qf6+ 26. Kg2 Rh6 27. Rc3
Qf5 28. e4 Qxe4+ 29. Rf3 Rf6 30. d3 Qxf3+ 31. Kh3 Qf1+ 32. Kh4 Rh6 33. Ba4 f5
34. Bc2 Be7# 0-1

[Event "Challenge"]
[Site "http://www.queenalice.com/game.php?id=348609"]
[Date "2008.2.4"]
[Round "-"]
[White "Ginga"]
[Black "kinder"]
[Result "0-1"]
[WhiteElo "1190"]
[BlackElo "1180"]

1. Nf3 Nc6 2. g4 e5 3. d4 e4 4. Ng5 g6 5. Nxe4 Bb4+ 6. c3 Ba5 7. Bg2 d5 8. Ng5
f6 9. Nf3 Bxg4 10. b4 Bb6 11. Qd3 Nge7 12. O-O O-O 13. b5 Na5 14. h3 Bh5 15. Qe3
Nc4 16. Qd3 Nf5 17. Rd1 a6 18. Na3 Nxa3 19. Nd2 Re8 20. Bxa3 Rxe2 21. Bb4 a5 22.
Ba3 a4 23. c4 Nh4 24. Bxd5+ Kg7 25. Bxb7 Rb8 26. Ba6 Qe8 27. Nf1 Nf3+ 28. Kh1
Rxf2 29. Bc1 Bxd4 30. Bf4 Rb6 31. Bg3 g5 32. c5 Bxc5 33. Qc3 Rxb5 34. Bxc7 g4
35. Bxb5 Qxb5 36. Ng3 Bg6 37. Rf1 Rh2# 0-1

[Event "Challenge"]
[Site "http://www.queenalice.com/game.php?id=351921"]
[Date "2008.2.10"]
[Round "-"]
[White "kinder"]
[Black "Ginga"]
[Result "1/2-1/2"]
[WhiteElo "1202"]
[BlackElo "1173"]

1. Nf3 d5 2. Nd4 Nf6 3. e3 Qd6 4. Bb5+ Kd8 5. Nc3 Ng4 6. e4 g5 7. h3 Nh6 8. exd5
Bg7 9. Nf3 Nf5 10. Ne4 Qxd5 11. Nfxg5 Qxb5 12. Nxf7+ Kd7 13. d3 Nc6 14. Qg4 h5
15. Qg6 Rg8 16. a4 Qb4+ 17. Bd2 Qxb2 18. Rd1 Ncd4 19. Qxf5+ Nxf5 20. Nc5+ Ke8
21. Ng5 Bd4 22. Nge6 Rxg2 23. Nxc7+ Kf7 24. Nxa8 Bxc5 25. Nc7 Qb6 26. Kf1 Nh4
27. Nd5 Qd6 28. Re1 Qxd5 29. Re4 Bxf2 30. c4 Qxd3+ 31. Re2 Qb1+ 32. Re1 Qxe1+
33. Bxe1 Be3 34. Bxh4 Rb2 35. Ke1 Bd7 36. Rf1+ Kg7 37. Bxe7 Bxh3 38. Bf6+ Kg6
39. Bxb2 Be6 40. Rf6+ Kg5 41. Rxe6 Bc5 42. Re7 Bxe7 43. a5 h4 44. Kf1 Bc5 45.
Bc1+ Kg4 46. Bd2 h3 47. Be1 h2 48. Kg2 Bd6 49. Bf2 Bf4 1/2-1/2

[Event "Challenge"]
[Site "http://www.queenalice.com/game.php?id=363643"]
[Date "2008.3.1"]
[Round "-"]
[White "Ginga"]
[Black "kinder"]
[Result "0-1"]
[WhiteElo "1228"]
[BlackElo "1259"]

1. c3 e5 2. e3 d5 3. g3 Qd6 4. Qa4+ Nc6 5. Bb5 a6 6. Bd3 b5 7. Qh4 e4 8. Be2 Nh6
9. Nh3 Be7 10. Bh5 b4 11. b3 bxc3 12. dxc3 Nf5 13. Qxe7+ Ncxe7 14. Ba3 Qc6 15.
Ng5 g6 16. Bg4 Nh6 17. Bxc8 Rxc8 18. Nd2 Qxc3 19. Ke2 Ng4 20. Raf1 Nc6 21. h3
Nge5 22. Ndxe4 Qc2+ 23. Nd2 Nb4 24. Bxb4 c5 25. Ba3 h6 26. Nf3 f6 27. Rc1 Qxa2
28. Ra1 Qc2 29. Bxc5 Rxc5 30. Nd4 Qb2 31. Rxa6 Rc3 32. Ra8+ Kf7 33. Ra7+ Kf8 34.
Ra8+ Ke7 35. Ra7+ Nd7 36. g4 h5 37. Nb5 Ke6 38. Nd4+ Kd6 39. Nb5+ Kc5 40. Nc7
hxg4 41. Rg1 Ne5 42. e4 dxe4 43. Na6+ Kd4 44. Nb4 Rhxh3 45. Rd7+ Kc5 46. Na6+
Kb5 47. Nc7+ Kc5 48. Rb1 Qc2 49. Rc1 Qxc1 50. Nxe4+ Kb4 51. Na6+ Kxb3 52. Rb7+
Kc2 53. Nb4+ Kb2 54. f3 Re3+ 55. Kf2 Rh2+ 56. Kg3 Rh1 57. Na6+ Kc2 58. Rc7+ Nc4
59. Rxc4+ Kb1 60. Rb4+ Kc2 61. Nac5 g5 62. Ra4 Qg1# 0-1

[Event "Challenge"]
[Site "http://www.queenalice.com/game.php?id=388621"]
[Date "2008.4.16"]
[Round "-"]
[White "EmperorTanner"]
[Black "kinder"]
[Result "1-0"]
[WhiteElo "1499"]
[BlackElo "1266"]

1. e4 e5 2. d4 exd4 3. Qxd4 c5 4. Qc4 Nc6 5. Nf3 Nf6 6. Ng5 Ne5 7. Qb3 c4 8. Qc3
Nc6 9. Qxc4 Qe7 10. b3 Ne5 11. Qa4 h6 12. Nf3 Qe6 13. Nc3 g5 14. Nxe5 Qxe5 15.
f3 Qxc3+ 16. Kd1 Qxa1 17. Qa5 b6 18. Qf5 d5 19. Bb5+ Ke7 20. Kd2 Bxf5 21. exf5
Rd8 22. Ba3+ Rd6 23. Rxa1 g4 24. Bxd6+ Kxd6 25. a4 gxf3 26. gxf3 Kc5 27. Kd3 Bd6
28. c3 Nh5 29. b4# 1-0

[Event "tournament01"]
[Site "http://www.queenalice.com/game.php?id=414220"]
[Date "2008.6.6"]
[Round "1"]
[White "kinder"]
[Black "ilhado"]
[Result "0-1"]
[WhiteElo "1274"]
[BlackElo "1948"]

1. e4 c5 2. Nc3 g6 3. d3 Bg7 4. g4 d6 5. Nd5 e6 6. Nf4 Ne7 7. c4 e5 8. Qd2 exf4
9. Qxf4 O-O 10. Nf3 Qa5+ 0-1